[Event "Zuerich op"]
[Site "Zuerich"]
[Date "1984.??.??"]
[Round "8"]
[White "Lematschko, Tatjana"]
[Black "Wirthensohn, Heinz"]
[Result "1/2-1/2"]
[WhiteElo "2305"]
[BlackElo "2405"]

1.Nf3 Nf6 2.c4 e6 3.d4 b6 4.Nc3 Bb4 5.Qc2 Bb7 6.e3 O-O 7.a3 Bxc3+ 8.Qxc3 d6
9.Be2 Nbd7 10.O-O Ne4 11.Qc2 c5 12.b3 f5 13.Bb2 Rc8 14.dxc5 bxc5 15.Rad1 Qe7
16.Nd2 Nb6 17.f4 Nxd2 18.Qxd2 Rcd8 19.Qa5 Be4 20.Rc1 e5 21.Rf2 exf4 22.exf4 Rfe8
23.Bh5 Rf8 24.Qc3 Nd7 25.Bf3 Nf6 26.Qd2 d5 27.Bxf6  1/2-1/2

[Event "Albena"]
[Site "Albena"]
[Date "1985.??.??"]
[Round "?"]
[White "Vilela, Jose Luis"]
[Black "Farago, Ivan"]
[Result "1/2-1/2"]
[WhiteElo "2430"]
[BlackElo "2510"]

1.d4 Nf6 2.c4 e6 3.Nf3 b6 4.Nc3 Bb4 5.Bg5 h6 6.Bh4 Bb7 7.e3 Bxc3+ 8.bxc3 Qe7
9.Nd2 d6 10.f3 Nbd7 11.Be2 O-O-O 12.O-O g5 13.Bf2 h5 14.Qa4 Kb8 15.Rab1 h4
16.h3 g4 17.fxg4 Ne4 18.Nxe4 Bxe4 19.Bf3 Nf6 20.Rb3 c5 21.Rb2 Qb7 22.Qd1 Nd7  1/2-1/2

[Event "OHRA-B"]
[Site "Amsterdam"]
[Date "1985.??.??"]
[Round "5"]
[White "Van der Sterren, Paul"]
[Black "Borm, Franciscus WM"]
[Result "1/2-1/2"]
[WhiteElo "2465"]
[BlackElo "2385"]

1.d4 Nf6 2.c4 e6 3.Nf3 b6 4.Nc3 Bb4 5.Bg5 Bb7 6.e3 O-O 7.Bd3 Bxc3+ 8.bxc3 d6
9.O-O Nbd7 10.Nd2 Qe8 11.e4 e5 12.f3 Kh8 13.Rf2 Ng8 14.Nf1 f6 15.Be3 Ne7
16.f4 c5 17.Ng3 cxd4 18.cxd4 exd4 19.Bxd4 Nc5 20.Rc1 Rd8 21.Bb1 Bc8 22.Bb2 Be6
23.Rd2 Nc8 24.h3 Rd7 25.Kh2 Rc7 26.e5 dxe5 27.fxe5 fxe5 28.Bxe5 Rd7 29.Qc2 Bg8
30.Re1 Re7 31.Qc3 Be6 32.Rd4 Kg8 33.Rh4 g6 34.Rh6 Qa4 35.Bxg6 Qxc4 36.Nf5 Rxf5
37.Qg3 Kf8 38.Bxf5 Bxf5 39.Qg5 Bg6 40.Bd6 Qf7 41.Bxe7+ Nxe7 42.Rh4 Nf5 43.Rg4 h5
44.Qxg6 hxg4 45.Qxg4 Ne7 46.Re3 Qd5 47.Qf4+ Ke8 48.Qb8+ Kf7 49.Qf4+ Ke8 50.h4 Kd7
51.Qg4+ Ne6 52.h5 Nf5 53.Rf3 Qe5+ 54.Kh3 Nh6 55.Qa4+ Kc8 56.Qe8+ Kc7 57.Qe7+  1/2-1/2

[Event "OHRA-B"]
[Site "Amsterdam"]
[Date "1985.??.??"]
[Round "6"]
[White "Georgiev, Kiril"]
[Black "Kudrin, Sergey"]
[Result "0-1"]
[WhiteElo "2550"]
[BlackElo "2490"]

1.d4 Nf6 2.c4 e6 3.Nf3 b6 4.Nc3 Bb4 5.Bg5 Bb7 6.e3 h6 7.Bh4 g5 8.Bg3 Ne4
9.Qc2 Bxc3+ 10.bxc3 d6 11.Bd3 f5 12.d5 Nc5 13.Nd4 Qf6 14.h4 Nba6 15.Nxe6 Nxe6
16.dxe6 Ke7 17.Bxf5 Nb4 18.Qd2 Qxf5 19.cxb4 Bxg2 20.Rh2 Bf3 21.c5 bxc5 22.bxc5 Rhb8
23.cxd6+ Kxe6 24.Rc1 Rb1 25.Kf1 Qd3+ 26.Kg1 Qxd2 27.Rxb1 Rb8 28.Rf1 Qd3  0-1

[Event "Ballerup"]
[Site "Ballerup"]
[Date "1985.??.??"]
[Round "1"]
[White "Kamaras, Peter"]
[Black "Karolyi, Tibor Jr"]
[Result "0-1"]
[WhiteElo "2330"]
[BlackElo "2200"]

1.d4 Nf6 2.Nf3 b6 3.c4 e6 4.Nc3 Bb7 5.Bg5 Be7 6.e3 h6 7.Bh4 O-O 8.Bd3 c5
9.O-O cxd4 10.exd4 d6 11.Qe2 Nbd7 12.Rac1 Re8 13.Rfd1 Qc7 14.Bg3 Nh5 15.Nd2 Nxg3
16.hxg3 a6 17.Bb1 g6 18.g4 Bf8 19.Qd3 Qd8 20.Qg3 Rc8 21.f4 Bg7 22.Qf2 Nf6
23.Qg3 h5 24.g5 Ng4 25.Ne2 d5 26.b3 Qe7  0-1

[Event "Bayamo"]
[Site "Bayamo"]
[Date "1985.??.??"]
[Round "1"]
[White "Garcia Gonzales, Guillermo"]
[Black "Vaisser, Anatoli"]
[Result "1/2-1/2"]
[WhiteElo "2440"]
[BlackElo "2490"]

1.d4 Nf6 2.c4 e6 3.Nf3 b6 4.Nc3 Bb7 5.Bf4 Bb4 6.Qb3 a5 7.a3 Bxc3+ 8.Qxc3 O-O
9.Nd2 d6 10.f3 c5 11.dxc5 bxc5 12.Bg5 Nbd7 13.e3 a4 14.Be2 Qa5 15.Rc1 Rfb8
16.Qxa5 Rxa5 17.Rc2 Ra6 18.Kd1 h6 19.Bh4 Kf8 20.Kc1 Ke7  1/2-1/2

[Event "Bayamo"]
[Site "Bayamo"]
[Date "1985.??.??"]
[Round "5"]
[White "Armas, Jorge"]
[Black "Vaisser, Anatoli"]
[Result "1/2-1/2"]
[WhiteElo "2330"]
[BlackElo "2490"]

1.d4 Nf6 2.c4 e6 3.Nf3 b6 4.Nc3 Bb7 5.a3 d5 6.cxd5 exd5 7.Bg5 Be7 8.e3 Nbd7
9.Bb5 c6 10.Ba4 O-O 11.O-O Re8 12.Rc1 Rc8 13.Bxf6 Nxf6 14.Ne5 Nd7 15.Nxd7 Qxd7
16.Qf3 Red8 17.Rfe1 g6 18.Rcd1 f5 19.g3 Kg7 20.h4 Rf8 21.Ne2 Bd6 22.Nf4 Qf7
23.Bb3 Rcd8 24.Rd2 Rfe8 25.Rc1 Re7  1/2-1/2

[Event "Bayamo"]
[Site "Bayamo"]
[Date "1985.??.??"]
[Round "8"]
[White "Garcia Gonzales, Guillermo"]
[Black "Garcia Martinez, Silvino"]
[Result "1/2-1/2"]
[WhiteElo "2440"]
[BlackElo "2430"]

1.d4 Nf6 2.c4 e6 3.Nf3 b6 4.Nc3 Bb4 5.Bd2 Bb7 6.e3 O-O 7.Be2 d5 8.O-O dxc4
9.Bxc4 c5 10.a3 Bxc3 11.Bxc3 Ne4  1/2-1/2

[Event "Boeblingen op"]
[Site "Boeblingen"]
[Date "1985.??.??"]
[Round "?"]
[White "Schneider, B."]
[Black "Bischoff, Dieter"]
[Result "1/2-1/2"]
[WhiteElo "2285"]
[BlackElo "2200"]

1.d4 Nf6 2.c4 e6 3.Nf3 b6 4.Nc3 Bb4 5.e3 Bb7 6.Bd3 O-O 7.O-O c5 8.a3 Bxc3
9.bxc3 d6 10.Qc2 Bxf3 11.gxf3 Nc6 12.Kh1 Rc8 13.Rg1 Kh8 14.Bd2 Na5 15.Rg3 cxd4
16.Rag1 g6 17.exd4 Ng8  1/2-1/2

[Event "ARG-ch"]
[Site "Buenos Aires"]
[Date "1985.??.??"]
[Round "4"]
[White "Darcyl, Tomas"]
[Black "Barbero, Gerardo F"]
[Result "1/2-1/2"]
[WhiteElo "2285"]
[BlackElo "2455"]

1.d4 Nf6 2.c4 e6 3.Nf3 b6 4.Nc3 Bb7 5.a3 d5 6.cxd5 exd5 7.Qa4+ c6 8.Bg5 Be7
9.e3 O-O 10.Bd3 Nbd7 11.O-O c5 12.Ba6 Qc8 13.Bxb7 Qxb7 14.Rfd1 a6 15.dxc5 bxc5
16.Rd2 Nb6 17.Qb3 Rab8 18.Bxf6 Bxf6 19.Nxd5 Nxd5 20.Qxb7 Rxb7 21.Rxd5 Rc8
22.Rad1 Rxb2 23.Nd2 h6 24.Ne4 Be7 25.Rd7 Bf8 26.Nd6 Rcb8 27.g4 Rb1 28.Nc4 R8b3
29.Rxb1 Rxb1+ 30.Kg2 Rb3 31.Ne5  1/2-1/2

[Event "BUL-FRA"]
[Site "?"]
[Date "1985.??.??"]
[Round "5"]
[White "Danailov, Silvio"]
[Black "Miralles, Gilles"]
[Result "1/2-1/2"]
[WhiteElo "2440"]
[BlackElo "2365"]

1.d4 Nf6 2.Nf3 e6 3.c4 b6 4.Nc3 Bb7 5.a3 d5 6.cxd5 Nxd5 7.e3 Nxc3 8.bxc3 g6
9.h4 h6 10.Bb5+ c6 11.Bd3 Bg7 12.e4 c5 13.Be3 Nc6 14.O-O cxd4 15.cxd4 O-O
16.Bb1 Ba6 17.Re1 Rc8 18.Qd2 Na5 19.Ba2 h5 20.Bg5 Qd7 21.Rad1 Bc4 22.Bb1 Bb5
23.Qf4 Nc4 24.Rd3 Na5 25.Rdd1 Nc4  1/2-1/2

[Event "CAN-ch"]
[Site "?"]
[Date "1985.??.??"]
[Round "1"]
[White "Levtchouk, George"]
[Black "Moshopoulos, Angelos"]
[Result "1-0"]
[WhiteElo "2200"]
[BlackElo "2200"]

1.d4 Nf6 2.c4 e6 3.Nf3 b6 4.Nc3 d5 5.Bg5 Be7 6.e3 h6 7.Bxf6 Bxf6 8.cxd5 exd5
9.Bd3 O-O 10.O-O Bb7 11.Qb3 c6 12.Rad1 Nd7 13.a3 Rc8 14.Bb1 Re8 15.Rfe1 Rc7
16.e4 dxe4 17.Nxe4 Be7 18.Ba2 Rf8 19.Ne5 Nxe5 20.dxe5 Qa8 21.Nf6+ Kh8 22.Qd3 g6
23.Nd7 Rd8 24.e6 Kg7 25.Bb1 Rcxd7 26.exd7 Bf6 27.Ba2 c5 28.Qc4  1-0

[Event "CAN-ch"]
[Site "?"]
[Date "1985.??.??"]
[Round "3"]
[White "Levtchouk, George"]
[Black "Berube, Richard"]
[Result "1/2-1/2"]
[WhiteElo "2200"]
[BlackElo "2200"]

1.d4 Nf6 2.c4 e6 3.Nf3 b6 4.Nc3 Bb4 5.Qc2 Bb7 6.a3 Bxc3+ 7.Qxc3 d6 8.g3 O-O
9.Bh3 Nbd7 10.O-O Qe7 11.b3 c5 12.Bb2 Ne4 13.Qd3 Ndf6 14.Rfe1 Rad8 15.Rad1 d5
16.cxd5 Bxd5 17.Qe3 h6 18.Ne5 cxd4 19.Rxd4 Bb7 20.Red1 Rxd4 21.Qxd4 Qc5 22.Rc1 Qxd4
23.Bxd4 Nd5 24.Rc2 Nd6 25.Bg2 Rc8 26.Rxc8+ Nxc8 27.Nc4 Ba6 28.Kf1 Nce7 29.Ke1 Nc6
30.Bb2 Bxc4 31.bxc4 Nde7 32.Kd2 f6 33.Kc3 Kf7 34.Kb3 Ke8 35.Ka4 a6 36.f4 Kd8
37.g4 Kc7 38.e3 Ng6 39.Be4 Nf8 40.Kb3 Nd7 41.Bf3 Kd6  1/2-1/2

[Event "Capablanca mem-B"]
[Site "Cienfuegos"]
[Date "1985.??.??"]
[Round "6"]
[White "Garcia Gonzales, Guillermo"]
[Black "Tatai, Stefano"]
[Result "1/2-1/2"]
[WhiteElo "2440"]
[BlackElo "2475"]

1.d4 Nf6 2.c4 e6 3.Nf3 b6 4.Nc3 Bb7 5.a3 d5 6.cxd5 Nxd5 7.Qc2 Nxc3 8.bxc3 Nd7
9.e4 c5 10.Bd3 cxd4 11.cxd4 Rc8 12.Qe2 Be7 13.O-O O-O 14.Bb2 Bf6 15.Rad1 g6  1/2-1/2

[Event "Frunze"]
[Site "Frunze"]
[Date "1985.??.??"]
[Round "8"]
[White "Kanstler, Boris"]
[Black "Makarichev, Sergey"]
[Result "1/2-1/2"]
[WhiteElo "2380"]
[BlackElo "2495"]

1.d4 Nf6 2.c4 e6 3.Nf3 b6 4.Nc3 Bb7 5.Bg5 h6 6.Bh4 g5 7.Bg3 Nh5 8.e3 Bg7
9.Be5 Nf6 10.d5 d6 11.Bg3 Qd7 12.Nd4 Na6 13.c5 Nxd5 14.c6 Bxc6 15.Bxa6 Nxc3
16.bxc3 Bxg2 17.Rg1 Bc6 18.a4 Ke7 19.Qb3 Be4 20.O-O-O Rhd8 21.Bb5 c6 22.Be2 e5
23.f3 Bd5 24.c4 exd4 25.cxd5 dxe3 26.dxc6 Qxc6+ 27.Kb1 Kf8 28.Rc1 Qd7 29.Rgd1 Qf5+  1/2-1/2

[Event "Gausdal zt"]
[Site "Gausdal"]
[Date "1985.??.??"]
[Round "?"]
[White "Agdestein, Simen"]
[Black "Yrjola, Jouni"]
[Result "1/2-1/2"]
[WhiteElo "2500"]
[BlackElo "2500"]

1.d4 Nf6 2.c4 e6 3.Nf3 b6 4.Nc3 Bb7 5.Bf4 Bb4 6.e3 Bxc3+ 7.bxc3 d6 8.h3 Nbd7
9.Bh2 Qe7 10.Rb1 O-O 11.Be2 Ne4 12.Rb3 f5 13.O-O e5 14.c5 Bc6 15.cxd6 cxd6
16.Bb5 Bxb5 17.Rxb5 Kh8 18.Qb3 Rac8 19.c4 exd4 20.exd4 Qf7 21.Rd5 Ndf6 22.Rxf5 Qxc4
23.Qa3 Qe6 24.Rb5 Rc3 25.Rb3 Rc7 26.Re1 Qd5 27.Rbe3 Rfc8 28.Bf4 h6 29.R3e2 a5
30.Qd3 Rc3 31.Qa6 R3c6 32.Qd3 Rc3 33.Qa6 R3c6 34.Qd3 Rc3  1/2-1/2

[Event "Gausdal zt"]
[Site "Gausdal"]
[Date "1985.??.??"]
[Round "?"]
[White "Ostenstad, Berge"]
[Black "Hjartarson, Johann"]
[Result "0-1"]
[WhiteElo "2330"]
[BlackElo "2530"]

1.d4 Nf6 2.c4 e6 3.Nf3 b6 4.Nc3 Bb7 5.Bf4 Bb4 6.e3 Bxc3+ 7.bxc3 d6 8.Bd3 Nbd7
9.O-O Qe7 10.Nd2 e5 11.Bg3 O-O 12.Re1 c5 13.f4 e4 14.Bc2 Rac8 15.f5 cxd4
16.cxd4 d5 17.Bb3 Rfe8 18.a3 h6 19.h3 Nb8 20.Qe2 Ba6 21.Rec1 Nc6 22.Qf2 Nxd4
23.Ba2 Qd7 24.Bh4 Nh7 25.f6 g5 26.Bg3 Nf5 27.cxd5 Bd3 28.Bh2 Rxc1+ 29.Rxc1 Rc8
30.Rc6 Nf8 31.Be5 Ng6 32.Bb2 h5 33.Bb3 h4 34.Nc4 Ng3 35.Rxc8+ Qxc8 36.Nd6 Qd7
37.Nc4 Qxd5 38.Nd2 Qc5 39.Kh2 Qc7 40.Kg1 Ne2+ 41.Kh1 Ng3+ 42.Kg1 b5 43.Qe1 Bc2
44.Ba2 Ne5 45.Bxe5 Qxe5 46.Nf1 Qc3 47.Qf2 Qa1  0-1

[Event "Hamburg HSV"]
[Site "Hamburg"]
[Date "1985.??.??"]
[Round "?"]
[White "Brunner, Lucas"]
[Black "Kruszynski, Wlodzimierz"]
[Result "1/2-1/2"]
[WhiteElo "2290"]
[BlackElo "2370"]

1.d4 Nf6 2.Nf3 e6 3.c4 b6 4.Nc3 Bb4 5.Qb3 a5 6.g3 Bb7 7.Bg2 O-O 8.O-O Re8
9.Bd2 d6 10.a3 Bxc3 11.Bxc3 a4 12.Qc2 Be4 13.Qd1 Nbd7 14.Re1 Qc8 15.Bf1 Qb7
16.Nd2 Bc6 17.Qc2 b5 18.cxb5 Bxb5 19.Rac1 Rac8 20.Bg2 Qa6 21.Ne4 Nxe4 22.Bxe4 Nf6
23.Bf3 d5 24.Bb4 Bc4 25.Qd2 Qb5 26.Bc3  1/2-1/2

[Event "Hamburg HSV"]
[Site "Hamburg"]
[Date "1985.??.??"]
[Round "?"]
[White "Schulte, Oliver"]
[Black "Brunner, Lucas"]
[Result "0-1"]
[WhiteElo "2345"]
[BlackElo "2290"]

1.d4 Nf6 2.c4 e6 3.Nf3 b6 4.Nc3 Bb7 5.g3 Be7 6.Bg2 Ne4 7.Nxe4 Bxe4 8.Nh4 Bxg2
9.Nxg2 d5 10.O-O O-O 11.cxd5 Qxd5 12.Be3 Rd8 13.Qc2 Na6 14.Nf4 Qb7 15.Nd3 Bf6
16.Qc4 b5 17.Qc3 c5 18.Nxc5 Nxc5 19.Qxc5 Rac8 20.Qb4 Bxd4 21.Bxd4 Rc4 22.Qa5 Rcxd4
23.Rac1 R8d7 24.e3 Rd2 25.b3 h6 26.Rc5 a6 27.a3 Kh7 28.Rcc1 g6 29.Qc3 R2d3
30.Qb2 Qd5 31.Rc3 Rd2 32.Rc2 Qd3 33.Rxd2 Qxd2 34.Rb1 Qxb2 35.Rxb2 Rd1+ 36.Kg2 Ra1
37.a4 bxa4 38.bxa4 Rxa4 39.Rb7 Kg7 40.Ra7 g5 41.h3 h5 42.Kh2 Ra2 43.Kg2 g4
44.h4 Kf6 45.Kf1 e5 46.e4 a5 47.Ra6+ Kg7 48.Kg2 Ra1 49.Ra8 a4 50.Ra5 f6 51.Ra7+ Kf8
52.Kh2 a3 53.Kg2 Ke8 54.f4 Ra2+ 55.Kg1 Kd8 56.fxe5 fxe5 57.Ra5 Kc7  0-1

[Event "Hamburg-ch"]
[Site "Hamburg"]
[Date "1985.??.??"]
[Round "?"]
[White "Schacht, Holger"]
[Black "Stelting, Thorsten"]
[Result "0-1"]
[WhiteElo "2270"]
[BlackElo "2245"]

1.d4 Nf6 2.Nf3 e6 3.c4 b6 4.Nc3 Bb4 5.Qb3 Bxc3+ 6.Qxc3 Bb7 7.g3 O-O 8.Bg2 a6
9.O-O b5 10.b3 d6 11.Bb2 Nbd7 12.c5 Be4 13.Rac1 Nd5 14.Qd2 h6 15.Bh3 Bxf3
16.exf3 N7f6 17.f4 Qd7 18.Rfe1 Rae8 19.Bg2 b4 20.a4 bxa3 21.Bxa3 Rb8 22.Rb1 a5
23.Rec1 Ra8 24.Qc2 dxc5 25.dxc5 c6 26.Bb2 Nb4 27.Qe2 Qd3 28.Qe1 Rfd8 29.Bf1 Qf5
30.Qe5 Qxe5 31.fxe5 Ne4 32.Rd1 Nd2 33.Ra1 Nxb3 34.Rxd8+ Rxd8 35.Ra3 Nxc5
36.Rxa5 Ncd3 37.Bc3 c5 38.Ra7 Rb8 39.f4 Rc8 40.Bh3 Nd5 41.Ba1 g6 42.Bg2 N3b4
43.Ra3 h5 44.Kf2 c4 45.Bxd5 Nxd5 46.Bc3 h4 47.Ke2 hxg3 48.hxg3 Kg7 49.Kd2 Rh8
50.Bd4 Rh2+ 51.Ke1 Rg2 52.Kf1 Rd2 53.Bf2 c3  0-1

[Event "Havana-B"]
[Site "Havana"]
[Date "1985.??.??"]
[Round "3"]
[White "Vaisser, Anatoli"]
[Black "Vilela, Jose Luis"]
[Result "1/2-1/2"]
[WhiteElo "2490"]
[BlackElo "2415"]

1.d4 Nf6 2.c4 e6 3.Nf3 b6 4.Nc3 Bb4 5.Bg5 Bb7 6.e3 h6 7.Bh4 g5 8.Bg3 Ne4
9.Nd2 Bxc3 10.bxc3 Nxg3 11.fxg3 h5 12.e4 g4 13.Bd3 Qg5 14.Qe2 f6 15.O-O Nc6
16.Rf4 O-O-O 17.c5 Rdg8 18.Ba6 h4 19.Bxb7+ Kxb7 20.Nb3 hxg3 21.hxg3 Rh5 22.cxb6 cxb6
23.Rd1 Qh6 24.Kf2 Rh2 25.Rg1 Rg5 26.Rxg4 f5 27.Rxg5 Qxg5 28.Qe3 Qg6 29.Nd2 Rh8
30.e5 Na5 31.Rc1 Qg7 32.c4 Rg8 33.Rc3 Qg5 34.Qxg5 Rxg5 35.Nb3 Nxb3 36.axb3 Rg4
37.Rd3 Re4 38.Kf3 a5 39.Rd2 Kc6 40.g4 Rxg4 41.d5+  1/2-1/2

[Event "Havana-B"]
[Site "Havana"]
[Date "1985.??.??"]
[Round "7"]
[White "Hernandez, Roman"]
[Black "Vilela, Jose Luis"]
[Result "1-0"]
[WhiteElo "2440"]
[BlackElo "2415"]

1.d4 Nf6 2.Nf3 e6 3.c4 b6 4.Nc3 Bb4 5.e3 Bb7 6.Bd3 O-O 7.O-O c5 8.Na4 cxd4
9.exd4 Re8 10.a3 Bf8 11.b4 d6 12.Bb2 Nbd7 13.Re1 Rc8 14.Rc1 g6 15.Nc3 Qc7
16.Bf1 Qb8 17.d5 e5 18.Nd2 Bg7 19.Nb3 Nh5 20.a4 f5 21.a5 Nf4 22.Ne2 Nxe2+
23.Bxe2 Rc7 24.Bf1 Qd8 25.axb6 axb6 26.Ra1 Bc8 27.Ra8 Rf8 28.Qa1 Qh4 29.Ra7 Rxa7
30.Qxa7 Qd8 31.c5 bxc5 32.bxc5 dxc5 33.Nxc5 Nxc5 34.Qxc5 Re8 35.d6 e4 36.Bxg7 Kxg7
37.Ra1 Rf8 38.Ra7+ Rf7 39.Qc3+ Qf6 40.Rxf7+ Kxf7 41.Qc7+  1-0

[Event "Havana-B"]
[Site "Havana"]
[Date "1985.??.??"]
[Round "8"]
[White "Hernandez, Roman"]
[Black "Pigusov, Evgeny"]
[Result "1/2-1/2"]
[WhiteElo "2440"]
[BlackElo "2455"]

1.d4 Nf6 2.Nf3 e6 3.c4 b6 4.Nc3 Bb4 5.e3 O-O 6.Bd3 d5 7.O-O Bb7 8.a3 Bd6
9.b4 dxc4 10.Bxc4 Nbd7 11.Bb2 Qe7 12.Nb5 a6  1/2-1/2

[Event "Jarvenpaa"]
[Site "Jarvenpaa"]
[Date "1985.??.??"]
[Round "?"]
[White "Csom, Istvan"]
[Black "Plaskett, Jim"]
[Result "1/2-1/2"]
[WhiteElo "2465"]
[BlackElo "2480"]

1.c4 Nf6 2.Nf3 b6 3.d4 e6 4.Nc3 Bb4 5.Bg5 Bb7 6.Nd2 h6 7.Bh4 Qe7 8.a3 Bxc3
9.bxc3 d6 10.f3 Nbd7  1/2-1/2

[Event "URS-ch sf"]
[Site "Kostroma"]
[Date "1985.??.??"]
[Round "4"]
[White "Malaniuk, Vladimir P"]
[Black "Ivanov, Alexander"]
[Result "1-0"]
[WhiteElo "2465"]
[BlackElo "2400"]

1.d4 Nf6 2.c4 e6 3.Nf3 b6 4.Nc3 Bb4 5.Bg5 Bb7 6.e3 h6 7.Bh4 Bxc3+ 8.bxc3 Qe7
9.Nd2 e5 10.Be2 g5 11.Bg3 d6 12.Bf3 e4 13.Be2 Nbd7 14.Qa4 O-O 15.h4 c5 16.Nb3 a6
17.Qa3 a5 18.Qb2 a4 19.Nd2 Kg7 20.Nb1 Ne8 21.Na3 f5 22.hxg5 hxg5 23.Qd2 Bc6
24.Rh5 Rh8 25.Rxh8 Kxh8 26.O-O-O Kg7 27.Nb5 Ndf6 28.Qb2 a3 29.Qb3 Bxb5 30.cxb5 d5
31.dxc5 Qxc5 32.Be5 Kg6 33.Kb1 Qe7 34.Bd4 Qe6 35.c4 Nc7 36.Rc1 Qd6 37.cxd5 Ncxd5
38.Rc6 Qd8 39.Bc4 Kh7 40.Bxd5 Nxd5 41.Qd1  1-0

[Event "URS-ch sf"]
[Site "Kostroma"]
[Date "1985.??.??"]
[Round "8"]
[White "Malaniuk, Vladimir P"]
[Black "Aseev, Konstantin N"]
[Result "1-0"]
[WhiteElo "2465"]
[BlackElo "2455"]

1.d4 Nf6 2.c4 e6 3.Nf3 b6 4.Nc3 Bb7 5.a3 d5 6.cxd5 exd5 7.Bf4 Bd6 8.Bg3 Ne4
9.Qa4+ Nd7 10.Bxd6 Nxc3 11.Qc2 cxd6 12.Qxc3 Rc8 13.Qe3+ Qe7 14.Qxe7+ Kxe7
15.e3 Rc2 16.Rb1 Rhc8 17.Bd3 Rc1+ 18.Ke2 Rxb1 19.Rxb1 Nf6 20.Nd2 Rc7 21.Rg1 Bc8
22.f3 h5 23.Nb1 Bd7 24.Nc3 Rc8 25.Rc1 Rc7 26.Kd2 g6 27.Bc2 Kd8 28.Bb3 Bc6
29.h4 Rc8 30.Ne2 Bb7 31.Rxc8+ Kxc8 32.Nc3 Kd7 33.Ke1 Ke6 34.Kf2 Ne8 35.g4 hxg4
36.fxg4 Nc7 37.e4 Ke7 38.Bxd5 Nxd5 39.exd5 Ba6 40.Ke3 Bc4 41.Kf4 f6 42.h5 g5+
43.Ke3 Bb3 44.Kd3 a6 45.a4 a5 46.Kd2 Kf8 47.Ne4 Bxa4 48.Nxd6 Bd7 49.h6 b5  1-0

[Event "URS-ch sf"]
[Site "Kostroma"]
[Date "1985.??.??"]
[Round "8"]
[White "Dolmatov, Sergey"]
[Black "Ivanov, Alexander"]
[Result "1/2-1/2"]
[WhiteElo "2540"]
[BlackElo "2400"]

1.d4 Nf6 2.c4 e6 3.Nf3 b6 4.Nc3 Bb7 5.a3 d5 6.cxd5 exd5 7.Qa4+ Nbd7 8.Bf4 a6
9.g3 c5 10.Bg2 b5 11.Qc2 Qb6 12.Ne5 Rd8 13.O-O cxd4 14.Nxd7 Rxd7 15.Na2 Bd6
16.Bxd6 Rxd6 17.Qd3 O-O 18.Nc1 a5 19.Nb3 b4 20.Qxd4 bxa3 21.Rxa3 Ba6 22.Bf3 Rb8
23.Rd1 Qxd4 24.Rxd4 g6 25.Rda4 Rdb6 26.Nxa5 Rxb2 27.Nc6 Bb5 28.Rf4 Bxc6 29.Rxf6 Bd7  1/2-1/2

[Event "Lugano op"]
[Site "Lugano"]
[Date "1985.??.??"]
[Round "?"]
[White "Graf, Juergen"]
[Black "Sosonko, Gennadi"]
[Result "1/2-1/2"]
[WhiteElo "2310"]
[BlackElo "2535"]

1.d4 Nf6 2.c4 e6 3.Nf3 b6 4.Nc3 Bb7 5.a3 d5 6.cxd5 Nxd5 7.e4 Nxc3 8.bxc3 Bxe4
9.Ne5 g6 10.Qg4 Bd5 11.Bb5+ c6 12.Bd3 Bg7 13.Bg5 f6 14.c4 Bxg2 15.Qxe6+ Qe7
16.Qc8+  1/2-1/2

[Event "Lugano op"]
[Site "Lugano"]
[Date "1985.??.??"]
[Round "3"]
[White "Giorgadze, Tamaz"]
[Black "Dieks, Roy G"]
[Result "1-0"]
[WhiteElo "2500"]
[BlackElo "2335"]

1.d4 Nf6 2.c4 e6 3.Nf3 b6 4.Nc3 Bb4 5.Qb3 Qe7 6.g3 Bb7 7.Bg2 O-O 8.O-O Rc8
9.Bg5 Bxc3 10.Qxc3 d6 11.d5 Nbd7 12.Nd4 Rab8 13.dxe6 fxe6 14.Bxb7 Rxb7 15.Nc6 Qf7
16.Qf3 d5 17.Bxf6 Nxf6 18.Qa3 Qd7 19.Ne7+ Kf7 20.Nxc8 Qxc8 21.c5 bxc5 22.Qxc5 e5
23.b3 Qh3 24.f3 h5 25.Rac1 Kg6 26.Qe7 Qf5 27.Rc6 d4 28.Rfc1 Qg5 29.f4 exf4
30.R1c5 Qg4 31.Qe4+ Kf7 32.Rxf6+ Kxf6 33.Qxb7 Qxe2 34.Qc6+  1-0

[Event "WchT U26"]
[Site "Mendoza"]
[Date "1985.??.??"]
[Round "4"]
[White "Barbero, Gerardo F"]
[Black "Santa Torres, Juan"]
[Result "1-0"]
[WhiteElo "2365"]
[BlackElo "2220"]

1.d4 Nf6 2.c4 e6 3.Nf3 b6 4.Nc3 Bb4 5.Bg5 h6 6.Bh4 g5 7.Bg3 Ne4 8.Qc2 Bxc3+
9.bxc3 Nxg3 10.fxg3 Bb7 11.e3 d6 12.Bd3 Nd7 13.Be4 Bxe4 14.Qxe4 Nf6 15.Qc6+ Ke7
16.Nd2 Qd7 17.Qf3 Raf8 18.O-O Ne8 19.e4 Kd8 20.a4 a5 21.c5 bxc5 22.Nc4 cxd4
23.cxd4 f5 24.Nxa5 fxe4 25.Qxe4 d5 26.Qc2 Nd6 27.Nc6+ Ke8 28.Qg6+ Nf7 29.Rae1  1-0

[Event "URS-chI"]
[Site "Minsk"]
[Date "1985.??.??"]
[Round "8"]
[White "Malaniuk, Vladimir P"]
[Black "Ivanov, Alexander"]
[Result "1-0"]
[WhiteElo "2465"]
[BlackElo "2400"]

1.d4 Nf6 2.c4 e6 3.Nf3 b6 4.Nc3 Bb7 5.a3 d5 6.cxd5 exd5 7.Bf4 Bd6 8.Bg3 O-O
9.e3 c5 10.Be2 Qe7 11.Qc2 Nbd7 12.O-O Bxg3 13.hxg3 Rfc8 14.dxc5 bxc5 15.Rfd1 Rab8
16.Rd2 Bc6 17.Rad1 g6 18.Rb1 a5 19.Qd1 Rc7 20.a4 Nb6 21.b3 Ne4 22.Rc2 Nxc3
23.Rxc3 Nd7 24.Rbc1 Rb4 25.Qf1 Rcb7 26.Bd1 Rb8 27.Ne1 d4 28.exd4 Rxd4 29.Be2 Bd5
30.Bb5 Rd2 31.Nf3 Bxf3 32.gxf3 Ne5 33.Qe1 Qd6 34.Re3 Nd7 35.Re2 Rxe2 36.Qxe2 Ne5
37.Qe3 Qd5 38.Kg2 Rc8 39.Rc2 c4 40.bxc4 Qd3 41.Rc3 Qxe3 42.fxe3 f5 43.f4 Ng4
44.e4 Nf6 45.e5 Ne4 46.Rd3 Nc5 47.Rd6 Kf8 48.Kf3 Ke7 49.Ke3 Rc7 50.Bc6 Ne6
51.Bd5 Nc5 52.Rf6 Ke8 53.Rb6 Ke7 54.Rb5 Nxa4 55.Kd4  1-0

[Event "Moscow-B"]
[Site "Moscow"]
[Date "1985.??.??"]
[Round "?"]
[White "Spassov, Liuben"]
[Black "Eingorn, Vereslav S"]
[Result "1/2-1/2"]
[WhiteElo "2415"]
[BlackElo "2525"]

1.d4 Nf6 2.c4 e6 3.Nf3 b6 4.Nc3 Bb4 5.Qb3 c5 6.dxc5 bxc5 7.g3 Nc6 8.Bg2 Ne4
9.O-O Bxc3 10.bxc3 f5 11.Nd2 Na5 12.Qc2 Nxd2 13.Bxd2 Bb7 14.Bxb7 Nxb7 15.Rab1 Nd6
16.Qd3 Nf7 17.Bf4 Qc8 18.e4 g5 19.Bc1 Qc6 20.f3 fxe4 21.fxe4 O-O 22.Qe2 h6
23.e5 Qc7 24.Re1 Rab8 25.Rxb8 Rxb8 26.Qe4 Kg7 27.h4 Qb7 28.Qe2 gxh4 29.Qf2 h3
30.Bxh6+  1/2-1/2

[Event "Moscow-B"]
[Site "Moscow"]
[Date "1985.??.??"]
[Round "?"]
[White "Lerner, Konstantin Z"]
[Black "Szekely, Peter"]
[Result "1-0"]
[WhiteElo "2520"]
[BlackElo "2415"]

1.d4 Nf6 2.c4 e6 3.Nf3 b6 4.Nc3 Bb4 5.Bg5 Bb7 6.e3 h6 7.Bh4 Bxc3+ 8.bxc3 Qe7
9.a4 g5 10.Bg3 Ne4 11.a5 d6 12.Nd2 Nxg3 13.hxg3 Nd7 14.Qa4 a6 15.Bd3 Bxg2
16.Rh2 Bb7 17.axb6 cxb6 18.Be4 Bxe4 19.Nxe4 Kf8 20.Qc6 Rd8 21.g4 Kg7 22.Ke2 Rc8
23.Qxd6 Qxd6 24.Nxd6 Rc6 25.Ne4 Rxc4 26.Rxa6 Nf6 27.Nxf6 Kxf6 28.Kd3 Rc6
29.c4 Rhc8 30.Rxh6+ Kg7 31.Rh5 Rxc4 32.Rxg5+ Kf6 33.Rh5 Rc2 34.f4 R8c3+ 35.Ke4 Rb2
36.Kf3 Rb1 37.Ra2 b5 38.f5 Rf1+ 39.Ke2 Rg1 40.Kf3 Rf1+ 41.Ke4 Re1 42.Rh3 b4
43.fxe6 fxe6 44.Ra5 b3 45.Rb5 Kg6 46.g5 Re2 47.Rh6+ Kg7 48.Rb7+ Kg8 49.Ke5 Rf2
50.e4  1-0

[Event "Naleczow (Women)"]
[Site "Naleczow"]
[Date "1985.??.??"]
[Round "9"]
[White "Petek Medic, Mirjana"]
[Black "Sosnowska, Elzbieta"]
[Result "1-0"]
[WhiteElo "2070"]
[BlackElo "2050"]

1.d4 Nf6 2.c4 e6 3.Nf3 b6 4.Nc3 d5 5.cxd5 exd5 6.Bg5 Be7 7.e3 O-O 8.Bd3 Bb7
9.Rc1 Nbd7 10.O-O c5 11.dxc5 Nxc5 12.Bb1 Nfe4 13.Bxe7 Qxe7 14.Nxd5 Qd6 15.Nf4 Qh6
16.b4 Ne6 17.Nxe6 Qxe6 18.Nd4 Qe7 19.a3 Rac8 20.Qd3 Qg5 21.Nf3 Qh5 22.Rxc8 Rxc8
23.Rd1 Rf8 24.Qd4 Nf6 25.Ne1 Qe2 26.Qd2 Qg4 27.f3 Qh4 28.Ba2 Ba6 29.a4 g6
30.Qd4 Qxd4 31.Rxd4 Rc8 32.b5 Rc1 33.Kf2 Bb7 34.e4 Rc5 35.Bc4 Rc7 36.Nd3 Nd7
37.Ke3 Kg7 38.g3 h5 39.e5 Bc8 40.Rf4 Nf8 41.Bd5 Be6 42.Bc6 a5 43.Rd4 Nd7
44.Rd6 Nb8 45.Bd5 Bxd5 46.Rxd5 Nd7 47.Rd6 Kf8 48.Rc6 Rb7 49.Kd4 Ke7 50.Nf4 Kd8
51.e6 fxe6 52.Nxe6+ Ke7 53.Nf4 g5 54.Nd5+ Kf7 55.Rh6 Kg7 56.Rxh5 Kg6 57.Rh8 Nc5
58.Rc8 Nxa4 59.Rc6+ Kg7 60.f4 gxf4 61.Nxf4 Nc5 62.Ne6+ Nxe6+ 63.Rxe6 Rd7+
64.Ke5 Rd2 65.Rxb6 Rxh2 66.Ra6 Ra2 67.Kd5 a4 68.Kc6 Rc2+ 69.Kb7 Rg2 70.b6 Rxg3
71.Rxa4  1-0

[Event "JUG-ch"]
[Site "Novi Sad"]
[Date "1985.??.??"]
[Round "?"]
[White "Djuric, Stefan"]
[Black "Popovic, Petar"]
[Result "1-0"]
[WhiteElo "2470"]
[BlackElo "2540"]

1.d4 Nf6 2.c4 e6 3.Nf3 b6 4.Nc3 Bb7 5.a3 d5 6.Bg5 Be7 7.e3 O-O 8.Bd3 Nbd7
9.O-O h6 10.Bh4 c5 11.Qe2 Ne4 12.Bg3 Ndf6 13.cxd5 exd5 14.dxc5 Nxc3 15.bxc3 Bxc5
16.Rfd1 Qc8 17.Nd4 Ne4 18.Qh5 Re8 19.Bxe4 Rxe4 20.a4 a5 21.h3 Qd7 22.Rd2 Rc8
23.Qd1 g6 24.Qf3 Qe7 25.Bf4 Kh7 26.Rb1 Qf6 27.Qd1 g5 28.Bg3 Qg6 29.Bh2 h5
30.Rdb2 h4 31.Kh1 Rg8 32.Qe2 Rge8 33.Qf1 R4e7 34.Qd1 Bc8 35.Qf3 g4 36.hxg4 Re4
37.g5 Kg7 38.Qf6+ Qxf6 39.gxf6+ Kxf6 40.Bc7 h3 41.Bxb6 hxg2+ 42.Kg1 Ba3 43.Rb5 Bd7
44.Rxd5 Rh4 45.Rxd7 Rh1+ 46.Kxg2 Rxb1 47.Bxa5 Rb2 48.Kf3 Ra2 49.Ra7 Rc8 50.Ra6+ Kg7
51.Nb5 Be7 52.Bc7 Bh4 53.Nd6 Rxf2+ 54.Kg4 Rg2+ 55.Kh3 Rg6 56.Nxc8 Rxa6 57.Kxh4 Rc6
58.Nd6 Rxc3 59.Bb6 Rc6 60.Bd4+ Kf8 61.a5 Ke7 62.Nf5+ Ke6 63.Kg4 Ra6 64.Bb6 Ke5
65.Ng3 Ra8 66.Kf3 Kd5 67.Nf5 Ke5 68.Nd4 Kd5 69.Kf4  1-0